=LDR 00000nam 2200000 4500 =001 NUTBA000000000005097 =005 20141021084603.0 =006 =007 =008 =020 ##$$a 978-979-29-3832-6 =035 ##$$a 0010-101400000000327 =040 ##$$a NBPDMAT =082 ##$$a 636.597 =090 ##$$a 636.597 $b Whe a =100 ##$$a Whendra HS =245 ##$$a Atoz rahasia berternak bebek petelur unggul/ $c Oleh Wahendrata HS ; editor, FL. Sigit Suyantoro =260 ##$$a Yogyakarta : $b Lily Publsheri, $c 2013 =300 ##$$a x, 142 hlm. : $b ilus. ; $c 20 cm. =500 ##$$a Bibliografi : hlm. =650 ##$$a Ternak Itik =700 ##$$a FL. Sigit Suyantoro =850 ##$$a NBPDMAT =990 ##$$a 86888688 =990 ##$$a 21412792 =990 ##$$a 21412793 =990 ##$$a 21412794 =990 ##$$a 21412795 =990 ##$$a 21412796 =990 ##$$a 01201708688